000 00549nam a2200193 a 4500
999 _c1445
_d1445
008 200102t2010 ii ||||g |||| 00| 0 eng d
020 _a9788181921666
_cRs. 850.00
040 _aKO
_beng
041 0 _aeng
044 _aii
082 0 4 _223
_a623.8886
_bR188
100 1 _aRathore, S. K.
245 1 0 _aFire Fighting and Fire Safety :
_bConcepts, Methods, Tools & Techniques /
_cS. K. Rathore
260 _aJaipur :
_bSublime Publications,
_c2010.
300 _a255 p.:
_c23 cm.
650 0 _aFire extinction
_vTextbooks
942 _cBK